| 000 | 00508nam a2200181Ia 4500 | ||
|---|---|---|---|
| 005 | 20241219005140.0 | ||
| 008 | 240331s9999 xx 000 0 und d | ||
| 020 | _a8189013041 | ||
| 082 |
_bKAN _25720 _a305 |
||
| 100 | _aRuwanpura, K N | ||
| 245 | 0 |
_aMatrilineal Communities, Patriarchal Realities: _bA Feminist Nirvana Uncovered |
|
| 260 |
_aNew Delhi _bZubaan, an Imprint of Kali for Women _c2006 |
||
| 300 | _axiv, 242 p., | ||
| 650 | _aFeminism | ||
| 650 | _aWomen | ||
| 650 | _aEthnicity | ||
| 942 | _cL | ||
| 999 |
_c1342 _d1342 |
||